15Most Populated USA states - Statistiques

Statistiques générales
  • Ce quiz a été pris 48 fois
  • Le résultat moyen est 9 sur 15
Statistiques - réponses
Hint Réponse % Correct
4 19 867 248 New York
97%
2 31 290 831 Texas
97%
1 39 431 263 Californie
76%
13 7 958 180 Washington
74%
3 23 372 215 Florida
71%
6 12 710 158 Illinois
71%
8 11 180 878 Georgia
63%
11 9 500 851 New Jersey
61%
7 11 883 304 Ohio
61%
14 7 582 384 Arizona
58%
10 10 140 459 Michigan
50%
9 11 046 024 North Carolina
45%
12 8 811 195 Virginia
39%
15 7 227 750 Tennessee
34%
5 13 078 751 Pennsylvania
29%
Aucun quiz correspondant
Distribution des résultats
% des personnes avec chaque résultat
Percentile par nombre de réponses
Votre historique - résultats
Vous n’avez pas pris ce quiz